Cyclisme : Vainqueurs du Tour d'Espagne - Statistiques

Statistiques générales
  • Ce quiz a été pris 258 fois
  • Le résultat moyen est 37 sur 80
Statistiques - réponses
Année Vainqueur % Correct
2024 Primož Roglič
95%
2021 Primož Roglič
95%
2020 Primož Roglič
95%
2019 Primož Roglič
95%
2025 Jonas Vingegaard
93%
2017 Christopher Froome
91%
2011 Christopher Froome[
91%
2014 Alberto Contador
89%
2012 Alberto Contador
89%
2008 Alberto Contador
89%
1973 Eddy Merckx
79%
2016 Nairo Quintana
79%
2022 Remco Evenepoel
79%
2018 Simon Yates
79%
2023 Sepp Kuss
77%
2010 Vincenzo Nibali
77%
1995 Laurent Jalabert
75%
2009 Alejandro Valverde
73%
1983 Bernard Hinault
73%
1978 Bernard Hinault
73%
2015 Fabio Aru
64%
1964 Raymond Poulidor
63%
1963 Jacques Anquetil
59%
2013 Christopher Horner
57%
1970 Luis Ocaña
57%
2005 Roberto Heras
55%
2004 Roberto Heras
55%
2003 Roberto Heras
55%
2000 Roberto Heras
55%
2007 Denis Menchov
52%
1994 Tony Rominger
52%
1993 Tony Rominger
52%
1992 Tony Rominger
52%
1945 Delio Rodríguez
50%
1950 Emilio Rodríguez
50%
2006 Alexandre Vinokourov
46%
1968 Felice Gimondi
46%
1989 Pedro Delgado
46%
1985 Pedro Delgado
46%
1997 Alex Zülle
43%
1996 Alex Zülle
43%
1999 Jan Ullrich
39%
1977 Freddy Maertens
36%
2002 Aitor González
34%
1979 Joop Zoetemelk
34%
1988 Sean Kelly
34%
1998 Abraham Olano
32%
1974 José Manuel Fuente
32%
1972 José Manuel Fuente
32%
1984 Éric Caritoux
30%
1936 Gustaaf Deloor
30%
1935 Gustaaf Deloor
30%
1942 Julián Berrendero
30%
1941 Julián Berrendero
30%
1991 Melchor Mauri
30%
2001 Ángel Casero
29%
1981 Giovanni Battaglin
27%
1987 Luis Herrera
27%
1955 Jean Dotto
23%
1959 Antonio Suárez
21%
1948 Bernardo Ruiz
21%
1990 Marco Giovannetti
21%
1982 Marino Lejarreta
21%
1975 Agustín Tamames
20%
1966 Francisco Gabica
20%
1967 Jan Janssen
20%
1956 Angelo Conterno
18%
1960 Frans De Mulder
18%
1957 Jesús Loroño
18%
1986 Álvaro Pino
16%
1946 Dalmacio Langarica
16%
1958 Jean Stablinski
16%
1947 Edward Van Dyck
14%
1971 Ferdinand Bracke
14%
1961 Angelino Soler
13%
1980 Faustino Rupérez
13%
1962 Rudi Altig
13%
1976 José Pesarrodona
9%
1969 Roger Pingeon
9%
1965 Rolf Wolfshohl
4%
Aucun quiz correspondant
Distribution des résultats
% des personnes avec chaque résultat
Percentile par nombre de réponses
Votre historique - résultats
Vous n’avez pas pris ce quiz